000 00824cam a22002533a 4500
001 1620
003 PGUSA
005 20140828083004.0
008 990101s1999||||xxu|||||s|||||000 1 eng d
040 _aPGUSA
_beng
042 _adc
050 4 _aPS
100 1 _aDavis, Richard Harding,
_d1864-1916
245 1 4 _aThe Lion and the Unicorn
_h[electronic resource] /
_cRichard Harding Davis
260 _bProject Gutenberg,
_c1999
505 0 _aThe lion and the unicorn -- On the fever ship -- The man with one talent -- The vagrant -- The last ride together.
506 _aPublic domain in the USA.
516 _aElectronic text
653 _aShort stories, American
653 _aManners and customs -- Fiction
830 0 _aProject Gutenberg
_v1620
856 4 0 _uhttp://www.gutenberg.org/ebooks/1620
942 _cEB
999 _c230968
_d230968